| 000 | 00769cam a22002535a 4500 | ||
|---|---|---|---|
| 001 | 4469177 | ||
| 005 | 20180102115916.0 | ||
| 008 | 960124t1997 ilua frb 001 0 eng d | ||
| 020 | _a0256167133 | ||
| 020 | _a9780256167137 | ||
| 040 |
_aDLC _cDLC _dDLC _dEG-ScBUE _beng |
||
| 082 | 0 | 4 |
_a657.3 _222 _bFIN |
| 245 | 0 | 0 |
_aFinancial accounting and reporting / _cMark E. Haskins ... [et al.] |
| 250 | _a2nd ed. | ||
| 260 |
_aChicago : _bIrwin, _cc.1997. |
||
| 300 |
_a1 v. (various pagings) : _bill. ; _c26 cm. |
||
| 504 | _aIncludes bibliographical references and index. | ||
| 650 | 7 |
_aFinancial statements. _2BUEsh _94982 |
|
| 650 | 7 |
_aCorporations _xAccounting. _2BUEsh |
|
| 651 | _2BUEsh | ||
| 653 |
_bGGEN _cJanuary2018 |
||
| 700 | 1 | _aHaskins, Mark E. | |
| 942 | _2ddc | ||
| 999 |
_c25838 _d25810 |
||